000 01384cam a2200241 4500
001 ABS64352
008 010822n2001 000 0 eng u
035 _a(Sirsi) u114273
245 _aL G Caltex Gas v China National Petroleum
260 _c2001
490 _aBuilding Law Reports
_v[2001] BLR 235-252(18)
520 _aQBD 19 January 2001. Involved a dispute over two alleged contracts arising from negotiations for importing and marketing liquid petroleum gas in southern China. An arbitrator was appointed but his jurisdiction was challenged. The issues examined by case was whether an 'ad hoc' submission had been agreed and whether any challenges to the arbitrator were barred. It was decided that the parties had agreed to an 'ad hoc' submission and that the arbitrator therefore had jurisdiction but that any successful challenges to the arbitration awards could only be made under the Arbitration Act 1996 s68 or s69.
590 _aABS
650 _aARBITRATORS' JURISDICTION
650 _aARBITRATION ACT 1996 S67
650 _aARBITRATION ACT 1996 S68
650 _aARBITRATION ACT 1996 S69
650 _aARBITRATION ACT 1996 S73
650 _aL G CALTEX GAS V CHINA NATIONAL PETROLEUM
650 _aMANAGEMENT-DISPUTE AVOIDANCE, MANAGEMENT AND RESOLUTION-DISPUTE MANAGEMENT AND RESOLUTION-ARBITRATION
690 _aDispute resolution
_96236
942 _n0
999 _c68069
_d68069